| 000 | 00362nam a22001457a 4500 | ||
|---|---|---|---|
| 003 | MACL | ||
| 005 | 20200806123833.0 | ||
| 008 | 200806b xxu||||| |||| 00| 0 eng d | ||
| 040 | _c MACL | ||
| 100 |
_aAwasthi , Prem Kumar _979296 |
||
| 245 | _aIndian Traditions and Culture | ||
| 260 |
_aDelhi _bbinesh Pub _c2018 |
||
| 650 |
_aCulture _979297 |
||
| 942 |
_2ddc _cBK |
||
| 999 |
_c62869 _d62869 |
||